000 00401nam a2200133Ia 4500
008 151001s9999||||xx |||||||||||||| ||und||
100 _aसुहास बारटक्के
245 _aकोकणातल्या आडवाटा
250 _a1
260 _bनवचेतन्य प्रकाशन मुंबई
260 _c2009
300 _a96
365 _b21
999 _c992170
_d992167